000 00605nam a2200181Ia 4500
008 151202s9999||||xx |||||||||||||| ||und||
082 _bPNVM-81709
100 _aहरकारे अरूण.
245 _aकस्तुरीचा गेम.
260 _b"स्वरुपदीप प्रकाशन, सोलापूर."
260 _c2013
300 _a239
600 _aहरकारे अरूण.
630 _aकस्तुरीचा गेम.
700 _aहरकारे अरूण.
730 _aकस्तुरीचा गेम.
942 _cBOOK
999 _c1346317
_d1346314